000
00354nam a2200145Ia 4500
008
231129s1977||||xx |||||||||||||| ||spa||
020
_a
84-335-7559-7
040
_b
spa
082
_a
759.06 S839m
100
_a
Sterner Gabriele
245
0
_a
Modernismos
260
_c
1977
264
_a
Labor
942
_2
ddc
_c
BKS
999
_c
21350
_d
21350